000 00894aam a2200277 i 4500
001 289
003 CO-MdBIC
005 20211016112613.0
008 211016t1968 ck dk||| |||| 00| 0 eng d
040 _bspa.
_aCO-MdFUSB
_cCO-MdFUSB
_dCO-MdFUSBC
_erda
041 _aspa
082 0 4 _aR 318.612 G574a
110 1 _aGobernación de Antioquia
245 1 0 _aAnuario estadístico de Antioquia 1968 / Gobernación de Antioquia - Departamento Administrativo de Planeación
_c/
260 _aMedellín, Colombia : Departamento Administrativo de Planeación
264 1 _aMedellín, Colombia :
_bAlcaldía de Medellín,
_c[1968]
264 4 _c© 1968
300 _a488 Pag.
_c;
336 _2rdacontent
_atexto
_btxt
337 _2rdamedia
_asin mediación
_bn
338 _2rdacarrier
_avolumen
_bnc
653 _aEstadísticas
653 _aAntioquia
942 _cBK
945 _aEstudiante
999 _c31825
_d31825